Āyurvedīya aushadhīkaraṇa. (Record no. 63370)

MARC details
000 -LEADER
fixed length control field 00664cam a22002531 4500
001 - CONTROL NUMBER
control field sa 65003796
003 - CONTROL NUMBER IDENTIFIER
control field DLC
005 - DATE AND TIME OF LATEST TRANSACTION
control field 20260227112126.0
008 - FIXED-LENGTH DATA ELEMENTS--GENERAL INFORMATION
fixed length control field 900425s1964 ii a 000 0 maro
010 ## - LIBRARY OF CONGRESS CONTROL NUMBER
LC control number sa 65003796
035 ## - SYSTEM CONTROL NUMBER
System control number (OCoLC)21428365
040 ## - CATALOGING SOURCE
Original cataloging agency DLC
Transcribing agency WaU
Modifying agency DLC
042 ## - AUTHENTICATION CODE
Authentication code premarc
043 ## - GEOGRAPHIC AREA CODE
Geographic area code a-ii---
050 00 - LIBRARY OF CONGRESS CALL NUMBER
Classification number RS180.I3
Item number P8
100 1# - MAIN ENTRY--PERSONAL NAME
Personal name Purāṇika, Gaṅgādhara Vishṇuśāstrī.
245 10 - TITLE STATEMENT
Title Āyurvedīya aushadhīkaraṇa.
260 ## - PUBLICATION, DISTRIBUTION, ETC.
Date of publication, distribution, etc. [1964]
300 ## - PHYSICAL DESCRIPTION
Extent 2 v. in 1.
Other physical details illus.
Dimensions 20 cm.
500 ## - GENERAL NOTE
General note In Marathi.
650 #0 - SUBJECT ADDED ENTRY--TOPICAL TERM
Topical term or geographic name entry element Materia medica
Geographic subdivision India.
650 #0 - SUBJECT ADDED ENTRY--TOPICAL TERM
Topical term or geographic name entry element Medicine, Ayurvedic.
700 1# - ADDED ENTRY--PERSONAL NAME
Personal name Dhāmaṇakara, P. V.

No items available.

Powered by Koha